মুক্তির ডাক / (Record no. 31683)

MARC details
000 -LEADER
fixed length control field 00817nam a22001937a 4500
003 - CONTROL NUMBER IDENTIFIER
control field BDDh-ASL
005 - DATE AND TIME OF LATEST TRANSACTION
control field 20231015031311.0
008 - FIXED-LENGTH DATA ELEMENTS--GENERAL INFORMATION
fixed length control field 230405s1980 b ||||| |||| 00| 0 b d
040 ## - CATALOGING SOURCE
Original cataloging agency BDDh-ASL
Transcribing agency BDDh-ASL
041 ## - LANGUAGE CODE
Language code of text/sound track or separate title ben
082 ## - DEWEY DECIMAL CLASSIFICATION NUMBER
Classification number 297.04
Item number MUK
245 10 - TITLE STATEMENT
Title মুক্তির ডাক /
246 ## - VARYING FORM OF TITLE
Title proper/short title Muktir Dak (the call for emancipation) edited by Mohammad Azraf.
260 ## - PUBLICATION, DISTRIBUTION, ETC.
Place of publication, distribution, etc. ফরিদপুর:
Name of publisher, distributor, etc. ইসাকেফ প্রকাশনা,
Date of publication, distribution, etc. 1980.
300 ## - PHYSICAL DESCRIPTION
Extent 95 p. :
Dimensions 22 cm.
650 #0 - SUBJECT ADDED ENTRY--TOPICAL TERM
Topical term or geographic name entry element ধর্মীয় সাম্প্রদায়িকতা, সাম্প্রদায়িকতা, Dharmīẏa sāmpradāẏikatā, sāmpradāẏikatā, Religious sectarianism, ‍ূectarianism
9 (RLIN) 710
700 1# - ADDED ENTRY--PERSONAL NAME
Personal name আজরফ, মোহম্মদ
9 (RLIN) 7880
942 ## - ADDED ENTRY ELEMENTS (KOHA)
Source of classification or shelving scheme Dewey Decimal Classification
Koha item type Books
Holdings
Withdrawn status Lost status Source of classification or shelving scheme Damaged status Not for loan Collection code Home library Current library Shelving location Date acquired Source of acquisition Total Checkouts Full call number Barcode Date last seen Copy number Price effective from Koha item type Public note
    Dewey Decimal Classification     Non-fiction Asiatic Society Library Asiatic Society Library General Stacks 04/05/2023 Complimentary   297.04 MUK 120401 04/05/2023 C-1 04/05/2023 Books Y-1980

Powered by Koha